Españoles ganadores del Nobel - Estadísticas

Estadísticas generales
  • Esta prueba ha sido intentada 28 veces
  • La puntuación promedio es 4 de 7
Estadísticas de respuestas
Año Modalidad Obra/Área de investigación Nombre % Correcto
1989 Literatura La familia de Pascual Duarte Camilo José Cela
84%
1956 Literatura Platero y yo Juan Ramón Jiménez
84%
1906 Fisiología o Medicina Sistema nervioso Santiago Ramón y Cajal
64%
1959 Fisiología o Medicina ADN y ARN Severo Ochoa
52%
1922 Literatura La malquerida Jacinto Benavente
48%
1977 Literatura La destrucción o el amor Vicente Aleixandre
44%
1904 Literatura El gran galeoto José Echegaray
36%
No se encontraron pruebas coincidentes
Distribución de puntuación
Porcentaje de gente con cada puntuación
Porcentaje por número respondido
Historial de tus puntuaciones
No has intentado esta prueba.